Geography Quiz

Random Geography or World Quiz

Gimme Five - Water Edition Quiz Stats

 Plays Quiz Updated Oct 25, 2015

Challenge
Share
Tweet
Embed
Score 0/30 Timer 05:00
2 Plays Today
Hint Answer % Correct
5 Longest Rivers in the WorldNile
97.3%
5 Oceans of the WorldPacific
95.8%
5 Oceans of the WorldAtlantic
95.7%
5 Oceans of the WorldIndian
94.3%
5 Countries with Caspian Sea CoastlineRussia
93.3%
5 Countries with Most Hydropower ProductionRussia
93.3%
5 Countries with Most Hydropower ProductionUnited States
93.2%
5 Countries with the Longest CoastlineRussia
92.9%
5 Longest Rivers in the WorldAmazon
92.4%
5 Countries with the Longest CoastlineCanada
90.7%
5 Countries with Most Hydropower ProductionCanada
90.7%
5 Oceans of the WorldArctic
88.8%
5 Countries with Most Hydropower ProductionChina
84.9%
5 Largest Lakes in the World by AreaLake Superior
81.8%
5 Oceans of the WorldSouthern
81.7%
Hint Answer % Correct
5 Longest Rivers in the WorldMississippi-Missouri
81.2%
5 Countries with Most Hydropower ProductionBrazil
77.7%
5 Largest Lakes in the World by AreaLake Michigan
74.5%
5 Largest Lakes in the World by AreaLake Huron
63.1%
5 Largest Lakes in the World by AreaLake Victoria
62%
5 Countries with the Longest CoastlineIndonesia
60.5%
5 Longest Rivers in the WorldChangjiang (Yangtze)
59.3%
5 Countries with Caspian Sea CoastlineKazakhstan
58.7%
5 Countries with Caspian Sea CoastlineIran
58.1%
5 Countries with Caspian Sea CoastlineAzerbaijan
56.4%
5 Countries with Caspian Sea CoastlineTurkmenistan
55.2%
5 Countries with the Longest CoastlineDenmark (inc. Greenland)
54.8%
5 Largest Lakes in the World by AreaCaspian Sea
44.3%
5 Countries with the Longest CoastlinePhilippines
43.3%
5 Longest Rivers in the WorldYenisey
8.3%

You're not logged in!

Compare scores with friends on all Sporcle quizzes.
OR
Log In

You Might Also Like...

Show Comments

Extras

Top Quizzes Today


Score Distribution

Your Account Isn't Verified!

In order to create a playlist on Sporcle, you need to verify the email address you used during registration. Go to your Sporcle Settings to finish the process.

Report this User

Report this user for behavior that violates our Community Guidelines.

Details: